| 000 | 00831nam a22002177a 4500 | ||
|---|---|---|---|
| 999 |
_c6600 _d6600 |
||
| 003 | AR-CdUCM | ||
| 008 | 190318b ||||| |||| 00| 0 eng d | ||
| 040 |
_aMUNICIPALIDAD PROVINCIAL DEL CUSCO _cBIBLIOTECA MUNICIPAL DEL CUSCO |
||
| 082 |
_a603 / _bL62 |
||
| 110 |
_aLife Science Library _918575 |
||
| 245 | _aThe Scientist / | ||
| 260 |
_aEstados Unidos : _bLife , _c1964. |
||
| 300 |
_a200 páginas ; _c28.2 cm. |
||
| 440 |
_aLife Science Library _918576 |
||
| 505 | _aContenido : Hero and Human being -- Profile of a new elite -- The Scientific method -- An expanding realm -- The comunicacion gulf -- A booming establishment -- The bounty of technology -- The impact of science... | ||
| 650 |
_aCiencias _98174 |
||
| 650 |
_aScientist _918577 |
||
| 650 |
_aCiencias en general _918578 |
||
| 942 |
_2ddc _cLIBROS |
||
| 945 | _artm | ||